| 000 | 00477nam a22001457a 4500 | ||
|---|---|---|---|
| 008 | 230529b |||||||| |||| 00| 0 eng d | ||
| 040 |
_aNational Science Library _cNational Science Library |
||
| 080 |
_a016:05:02+002 _bK1.5 |
||
| 245 |
_aLibrary and documentation journals _c/ International Federation for Documentation |
||
| 260 |
_aHague: _bInternational Federation for Documentation _c1961 |
||
| 300 | _a30p. | ||
| 650 | _aGeography | ||
| 653 | _aScience | ||
| 942 |
_2udc _cPR |
||
| 999 |
_c36200 _d36200 |
||